000 01187cas a2200349 a 4500
008 761202d197119uusp uu p 0 a0spa c
010 _asf 93094209
_zsn 85061228
022 _a0211-2310
040 _aNIC
_cNIC
_dMnMULS
_dAIP
_dMH
_dWaU
_dDLC
_dOCoLC
_dMH
_dOCoLC
_dDLC
_dOCoLC
050 4 _aDS35.3
_b.A64x
050 0 0 _aWMLC 93/2146
092 0 4 _a210.90905
_bA448
_221
099 _a04
_a210.90905 A448
210 0 _aAlmenara
_b(Madr.)
222 0 _aAlmenara
_b(Madrid)
245 0 0 _aAlmenara = المنارة:
_bRevista Sobre El Mundo Arabo islamico Moderno.
246 0 2 _aالمنارة.
246 0 3 _aRevista Sobre El Mundo Arabo islamico Moderno.
260 _aMadrid :
_bAlmenara,
_c1971-
300 _av. :
_bill. ;
_c21 cm.
310 _aPublicó dos números al año.
362 0 _aVol. 1 (primavera 1971)-
590 _aSERBIB/SERLOC merged record
592 _aACQN: aq 94031844
592 _aRec'd V1 (1971); V3 (1972); V9 (1976);
650 0 _aIslamic civilization
_vPeriodicals.
651 0 _aIslamic countries
_vPeriodicals.
905 _aJamal
_eCat.
905 _eRev.
942 _2ddc
_cBK
999 _c127307
_d127307